| 000 | 00479nam a2200157Ia 4500 | ||
|---|---|---|---|
| 008 | 260520s2025 xx 000 0 und d | ||
| 041 | _amar | ||
| 082 | _a891.46109/JOG | ||
| 100 | _aजोग, महाराज | ||
| 245 | _aसार्थ तुकाराम गाथा | ||
| 250 | _a23rd ed | ||
| 260 |
_aमुंबई _bधार्मिक प्रकाशन संस्था _c2025 |
||
| 300 | _a1072p. | ||
| 500 | _aCat No: 15256 | ||
| 650 | _aRELIGION | ||
| 999 |
_c1222256 _d1222256 |
||